| 000 | 00856nam a22002297a 4500 | ||
|---|---|---|---|
| 003 | BJBSDDR | ||
| 005 | 20260423130918.0 | ||
| 007 | ta | ||
| 008 | 260423s1993 nyu||||| |||| 00| 0 eng d | ||
| 020 | _a9780025313101 | ||
| 020 | _a 002531310X | ||
| 040 |
_bspa _cBJBSDDR |
||
| 041 | _aeng | ||
| 050 | _bM167 1993 | ||
| 245 | 0 | 4 |
_aThe Macmillan visual desk reference / _cDiagram Group |
| 260 |
_aNew York : _bMacmillan Pub. Co. ; Maxwell Macmillan Canada ; Maxwell Macmillan International, _c1993 |
||
| 300 |
_a1,100 pages : _billustrations ; _c29 cm |
||
| 520 | _aA collection of facts and information complete with illustrations and maps about such diverse topics as world history, science and technology, communication, the arts, religion and philosophy, and more | ||
| 710 | 1 |
_aDiagram Group. _948095 |
|
| 942 |
_2lcc _n0 _cBK |
||
| 946 | _icmc | ||
| 999 |
_c126906 _d126906 |
||